Résaux Sociaux - chiffres et records - Statistiques

Statistiques générales
  • Ce quiz a été pris 299 fois
  • Le résultat moyen est 4 sur 10
Statistiques - réponses
Question Réponse % Correct
Quel est le réseau social le plus utilisé au monde avec environ 2,701 milliards d'utilisateurs actifs par mois ? Facebook
71%
Quel vidéo Youtube est devenue la plus vue de l'histoire, avec environ 7 milliards de vues ? Baby Shark
57%
Et la femme la plus suivie, avec environ 224 millions d'abonnés ? Ariana Grande
43%
Sur Instagram, quel est l'homme le plus suivie au monde avec environ 267 millions d'abonnés ? Christiano Ronaldo
43%
Quel est la personnalité francophone la plus suivie sur Instagram, avec environ 48.2 millions d'abonnés ? Kylian Mbappé
43%
Que représente la photo qui a battu le record de likes sur Instagram, en janvier 2019, avec 54.8 millions ? Un oeuf
43%
En France, en moyenne, combien de visites sont faites par jour sur Youtube ? 17 millions
29%
Quel marque est la plus suivie sur le réseau social Instagram, avec 122 millions d'abonnés ? Nike
29%
Et enfin, en avril 2017, qu'avait gagné un américain pour avoir battu le record du nombre de retweets (environ 3.6 millions) ? 1 an de nuggets gratuit
14%
Quel âge avait la personne ayant gagné le plus d'argent grâce à ses vidéo YouTube, en 2019 (environ 23 millions d'euros) ? 8 ans
14%
Aucun quiz correspondant
Distribution des résultats
% des personnes avec chaque résultat
Percentile par nombre de réponses
Votre historique - résultats
Vous n’avez pas pris ce quiz